A Z generáció utazási szokásai a Covid-19 előtt és után
| Szerző: | |
|---|---|
| További közreműködők: | |
| Dokumentumtípus: | Diplomadolgozat |
| Kulcsszavak: | digitalizáció koronavírus-járvány (COVID-19) utazás változások Z generáció |
| Online Access: | http://dolgozattar.uni-bge.hu/59576 |
MARC
| LEADER | 00000nta a2200000 i 4500 | ||
|---|---|---|---|
| 001 | dolg59576 | ||
| 005 | 20260409145242.0 | ||
| 008 | 260409suuuu hu om 000 hun d | ||
| 040 | |a BGE Dolgozattár Repozitórium |b hun | ||
| 041 | |a hu | ||
| 100 | 1 | |a Kesztler Dorottya | |
| 245 | 1 | 2 | |a A Z generáció utazási szokásai a Covid-19 előtt és után |c Kesztler Dorottya |h [elektronikus dokumentum] |
| 520 | 3 | |a A Covid-19 járvány jelentős hatással volt a mindennapi életünkre, társadalmi és gazdasági környezetünkre, valamint számos iparágra is. A legnagyobb változáson átesett ágazatok közé tartozik a turizmus, amelyet a járvány alapjaiban rengetett meg. Ezt az időszakot megelőzően a turizmus a globális gazdaság egyik leggyorsabban és legdinamikusabban fejlődő ágazata volt. Az UN Tourism (korábban UNWTO) adatai szerint 2019 első felében a nemzetközi turistaérkezések száma elérte a 671 millió főt, ami 4%-os növekedést jelentett az előző év azonos időszakához képest.A Z generáció tagjai utazásaik során elsősorban az élményalapú turizmust helyezik előtérbe, amelyet törekednek költséghatékonyan megvalósítani. Preferenciáik között jelentős szerepet játszanak a spontán, kalandos típusú programok, de ezek mellett fontos szempont lehet számukra még a helyi közösségekkel való kapcsolódás, valamint a fenntartható turizmus iránti érzékenység is. A generáció egyedi preferenciái mellett fontosnak tartom megemlíteni azt is, hogy a generáció tagjai – lévén, hogy őket már digitális bennszülötteknek is nevezi a szakirodalom – döntéseiben kiemelt szerepet játszik a közösségi média jelenléte is. A dolgozatom célja, hogy feltárja, milyen utazási szokások jellemezték a Z generációt a Covid-19 előtt, hogyan befolyásolta őket a járvány, és milyen hosszú távú változásokat eredményezett a turisztikai magatartásukban.Szeretnék mélyebb betekintést nyerni a generációs tagok utazási döntéseinek alapjaira, és azokra a tényezőkre, amelyek fontosak számukra utazásaik során. | |
| 695 | |a digitalizáció | ||
| 695 | |a koronavírus-járvány (COVID-19) | ||
| 695 | |a utazás | ||
| 695 | |a változások | ||
| 695 | |a Z generáció | ||
| 700 | 1 | |a Hegedüs Sára |e ths | |
| 856 | 4 | 0 | |u http://dolgozattar.uni-bge.hu/59576/1/KesztlerDorottya_Szakdolgozat.pdf |z Dokumentum-elérés |
| 856 | 4 | 0 | |u http://dolgozattar.uni-bge.hu/59576/2/Kesztler%20Dorottya%20Szakdolgozat%20%C3%A9rt%C3%A9kel%C5%91%20Bsc.pdf |z Dokumentum-elérés |
| 856 | 4 | 0 | |u http://dolgozattar.uni-bge.hu/59576/3/Szakdolgozat%20%C3%A9rt%C3%A9kel%C5%91%20Bsc_KesztlerD.pdf |z Dokumentum-elérés |